000 00723nam a2200253 i 4500
001 15615
003 ES-MaACL
005 20230906151121.0
007 t|
008 000406s1998 sp ||||0| spa j
020 _a84-493-0635-9
040 _aM-BN
_bspa
_cM-BN
080 _a323.28
100 1 _aReinares Nestares, Fernando.
_996043
245 1 0 _aTerrorismo y antiterrorismo /
_cFernando Reinares.
250 _a1ª ed.
260 _aBarcelona :
_bPaidós Ibérica,
_c1998.
300 _a230 p. ;
_c24 cm.
490 1 _aPaidós estado y sociedad ;
_v65
650 1 4 _aTerrorismo.
_917488
830 0 _aPaidós estado y sociedad ;
_v65
_9178635
852 _aES-MaACL
_jL-22686
_bR.128087
999 _c15615
_d15615